[Event "Aruba"]
[Site "Aruba"]
[Date "1992.??.??"]
[Round "6"]
[White "Gulko, Boris F"]
[Black "Benko, Pal C"]
[Result "1-0"]
[WhiteElo "2560"]
[BlackElo "2415"]
[Annotator "Dautov,R"]
[PlyCount "38"]
[EventDate "1992.03.??"]
[EventType "tourn"]
[EventRounds "9"]
[EventCountry "NAU"]
[EventCategory "11"]
[SourceTitle "CBM 030"]
[Source "ChessBase"]
[SourceDate "1992.10.01"]
[SourceVersion "1"]
[SourceVersionDate "1992.10.01"]
[SourceQuality "1"]

1. d4 Nf6 2. c4 e6 3. Nc3 Bb4 4. e3 O-O 5. Bd3 d5 6. a3 dxc4 7. Bxh7+ Nxh7 (
7... Kxh7 $142 8. axb4 Nc6 9. Nf3 Nxb4 10. O-O c5 11. Ne5 Kg8 (11... Qe7 12.
Nxc4 Bd7 13. e4 cxd4 14. Qxd4 $14 {Petrosjan,T-Sosonko,Biel(izt) 1976}) (11...
Qc7 $5) 12. dxc5 Nd7 13. Nxd7 Bxd7 14. Qg4 b5 15. cxb6 Qxb6 16. e4 Nd3 17. Bh6
Qd4 18. Be3 Qd6 {1/4:1/4 Petursson,M-Tal,M Reykjavik 1988}) (7... Kxh7 8. axb4
Nc6 9. b5 Nb4 10. Nf3 Nd3+ 11. Kf1 e5 (11... Nxc1 $5 12. Rxc1 b6 13. Ne5 Bb7
14. Nxc4 Nd5 $44) 12. Nxe5 Nxe5 13. dxe5 Qxd1+ 14. Nxd1 Nd7 15. e4 $1 Nxe5 16.
Bf4 $14 {Grigorjan-Butnoris,SSSR 1970}) 8. axb4 e5 (8... Nc6 9. b5 Nb4 10. Nf3
Nd3+ 11. Kf1 Nf6 12. b3 Nxc1 13. Rxc1 cxb3 14. Qxb3 $14 {ECO}) 9. Nf3 (9. Nge2
Nc6 10. b5 exd4 11. exd4 Nb4 12. O-O Bf5 13. Be3 Nc2 14. Rc1 Nxe3 15. fxe3 Qg5
16. Nf4 Nf6 $13 {ECO}) 9... exd4 (9... Bg4 10. h3 Bxf3 11. Qxf3 Nc6 {ECO} 12.
O-O exd4 13. exd4 Qxd4 14. b5 $36) 10. Nxd4 Nd7 11. b5 $1 {N} (11. O-O c5 12.
bxc5 Nxc5 13. Qc2 b6 $6 14. Rd1 Bb7 15. Ne6 Qh4 16. Nxc5 bxc5 17. e4 $16 {
Murey,Y-Renet,O Royan,1988}) 11... Nb6 $6 {/\a6} (11... Nc5 12. O-O Nf6 13. Qe2
Nb3 14. Nxb3 cxb3 15. e4 $16) (11... Ne5 12. O-O Nf6 13. b3 (13. e4 Nd3) (13.
Qe2 $5) 13... cxb3 14. Qxb3 $14) 12. O-O a6 $6 13. bxa6 c5 (13... Rxa6 $142 14.
Rxa6 bxa6 15. e4 c5 16. Nde2 Bd7 $16) 14. axb7 Bxb7 15. Rxa8 Qxa8 (15... Bxa8
16. Nf5 Qxd1 17. Rxd1 Nf6 18. f3 $16) 16. Nf5 $16 g6 (16... Nf6 $142 17. f3 $16
) 17. Qg4 Rd8 (17... Nf6 18. Qg5 Nh7 19. Qg3 $16) 18. e4 Nf6 19. Qg5 Nh7 (19...
Nh7 20. Nh6+ Kg7 21. Qxc5 $18) 1-0

[Event "Maribor Pirc Memorial"]
[Site "Maribor"]
[Date "1994.??.??"]
[Round "1"]
[White "Jelen, Iztok"]
[Black "Farago, Ivan"]
[Result "0-1"]
[WhiteElo "2385"]
[BlackElo "2515"]
[Annotator "Dautov,R"]
[PlyCount "56"]
[EventDate "1994.02.??"]
[EventType "tourn"]
[EventRounds "11"]
[EventCountry "SLO"]
[EventCategory "9"]
[SourceTitle "CBM 040"]
[Source "ChessBase"]
[SourceDate "1994.06.01"]
[SourceVersion "1"]
[SourceVersionDate "1994.06.01"]
[SourceQuality "1"]

1. d4 {Ernst} Nf6 2. c4 e6 3. Nc3 Bb4 4. e3 O-O 5. Bd3 d5 6. a3 dxc4 7. Bxh7+
Nxh7 (7... Kxh7 8. axb4 Nc6 9. Nf3 Nxb4 10. O-O c5 11. Ne5 $13) 8. axb4 Nc6 (
8... e5 9. Nf3 $1 exd4 10. Nxd4 Nd7 11. b5 $1 $14 {Gulko-Benko/Aruba/1992}) 9.
Nf3 (9. b5 Nb4 10. Nf3 Nd3+ 11. Kf1 Nf6 12. b3 (12. Nd2 {Ernst} e5 13. Nxc4
exd4 14. Qxd3 dxc3 15. Qxc3 Qd1+ $44) 12... Ng4 $1 13. Ne4 f5 $17) (9. Ra4 {
Ernst} a5 10. bxa5 Nxa5 11. Qh5 b6 12. Nf3 Bd7 $13 {Roemer,U-Sonntag,H/
Badenweiler op/1988/}) 9... Nxb4 10. O-O a5 $146 (10... b6 11. Ne5 Bb7 (11...
Ba6 12. e4 $14) 12. Nxc4 $14) (10... Bd7 11. Ne5 b5 12. b3 $1 $14) (10... c5 $1
11. Ne5 Qc7 $10) 11. Ne5 b6 12. Nxc4 Ba6 13. b3 Rc8 14. e4 $1 (14. Ba3 $5 c5
15. dxc5 Bxc4 16. bxc4 Rxc5 17. Na4 (17. Qb3 $2 Qd3 $1) (17. Qe2 Qh4 $132)
17... Rxc4 18. Qxd8 Rxd8 19. Nxb6 Rc6 20. Na4 Nf6 $10) (14. Bb2 c5 15. dxc5
Rxc5 16. Qxd8 (16. Na4 $2 Rd5 17. Qg4 Rg5 $17 {/\b5}) 16... Rxd8 17. Na4 Bxc4
18. bxc4 Rxc4 19. Nxb6 Rc6 20. Na4 $10) 14... c5 15. d5 (15. dxc5 Rxc5 16. Be3
Rc6 $10) 15... exd5 16. exd5 $6 (16. Nxd5 $1 {>=} Nxd5 (16... Bxc4 17. bxc4 Re8
18. Re1 $14 {/\Ra3-g3}) 17. exd5 (17. Qxd5 Nf6 18. Qxd8 Rcxd8 $10) 17... Nf6
18. Bg5 (18. d6 $14) 18... Qxd5 19. Bxf6 Qxd1 20. Rfxd1 Bxc4 21. bxc4 gxf6 22.
Rd6 $14) 16... Qh4 $1 17. f4 $2 (17. Nxb6 Rcd8 (17... Bxf1 18. Nxc8 Bxg2 19.
Kxg2 Rxc8 20. Rxa5 $14) 18. Nc4 (18. Re1 Nd3 $36) 18... Bxc4 19. bxc4 Qxc4 20.
Bb2 $10) (17. Qe2 Nf6 18. Rd1 Rfe8 $36) 17... Qf6 $1 18. Bb2 Qd4+ $17 19. Kh1
Bxc4 20. bxc4 Qxc4 21. Na4 $2 (21. d6 Rcd8 $17) 21... Nxd5 22. Rc1 Qe4 23. Re1
Ne3 $19 24. Qd2 Qxa4 25. Qxe3 Rfe8 26. Qg3 f6 27. h4 Qa2 28. Ba1 Qf7 0-1

[Event "Biel"]
[Site "Biel"]
[Date "1995.??.??"]
[Round "4"]
[White "Timman, Jan H"]
[Black "Adianto, Utut"]
[Result "0-1"]
[WhiteElo "2590"]
[BlackElo "2590"]
[Annotator "Dautov,R"]
[PlyCount "68"]
[EventDate "1995.07.??"]
[EventType "tourn"]
[EventRounds "13"]
[EventCountry "SUI"]
[EventCategory "15"]
[SourceTitle "CBM 049"]
[Source "ChessBase"]
[SourceDate "1995.12.01"]
[SourceVersion "1"]
[SourceVersionDate "1995.12.01"]
[SourceQuality "1"]

1. d4 Nf6 2. c4 e6 3. Nc3 Bb4 4. e3 c5 5. Bd3 Nc6 6. Nge2 d5 7. cxd5 exd5 8. a3
cxd4 9. exd4 (9. axb4 dxc3 10. b5 Ne5 11. Nxc3) 9... Be7 (9... Bd6) 10. O-O O-O
11. f3 (11. Qc2 Bg4 12. Be3 Rc8 13. f3 Bh5 14. Ng3 Bg6 15. Nf5 Re8 16. Rfe1 Qd7
17. g4 Bd8 18. Qf2 h5 $1 19. h3 Ba5 $13 {Skembris,S-Kotronias,V/Greece (ch)
1988}) (11. Bg5 Re8 12. Qb3 h6 13. Bh4 Be6 14. Rad1 Qd7 $10) 11... Ne8 $5 {N} (
11... Be6 12. Kh1 Qd7 13. Bb1 Rac8 14. b4 Ne8 15. Qd3 g6 16. Bh6 Ng7 17. Ba2
Rfd8 18. g4 Ne8 19. Rad1 Bf6 20. Be3 Ne7 21. Nf4 $14 {Bischoff,K-Loew,G/BL 9192
}) 12. Be3 (12. Qc2 $5 g6 13. Bh6 Ng7 14. Qb3 Bf6 15. Nxd5 Bxd4+ 16. Nxd4 Nxd4
17. Qc4 $14) 12... Nc7 13. Rc1 (13. Qc2 g6 {/\Bf6,Ne6}) 13... Re8 14. Na4 $6 (
14. Qd2 Bf6 $13) 14... Bxa3 15. Bxh7+ Kxh7 16. Qd3+ g6 17. Qxa3 (17. bxa3 Bf5
18. Qd2 Qe7 19. Rc3 Nb5 20. Rb3 Nxa3 $19) 17... Qe7 (17... Nb5 18. Qb3 Qe7 19.
Bf2 Qb4 (19... Qxe2 $2 20. Rce1 Nbxd4 21. Rxe2 Nxe2+ 22. Kh1 $16) 20. Qxb4 Nxb4
$10) 18. Kf2 $2 (18. Qxe7 Rxe7 19. Kf2 Nb4 20. Rfd1 f6 $10 (20... Bf5 $2 21.
Bg5 $16)) 18... Qh4+ 19. Kg1 Nb5 $15 20. Qd3 (20. Qb3 Nbxd4 21. Nxd4 Nxd4 22.
Bxd4 Qxd4+ 23. Kh1 $15) 20... Qe7 21. Nec3 (21. Kf2 Bf5 22. Qd2 Nb4 23. Bg5
Nd3+ 24. Qxd3 Bxd3 25. Bxe7 Rxe7 26. Rfe1 Bxe2 27. Rxe2 Rxe2+ 28. Kxe2 Nxd4+
29. Kd3 Ne6 $17) 21... Bf5 22. Qxb5 (22. Qd2 Qxe3+ 23. Qxe3 Rxe3 24. Nxb5 Bd3
25. Nc7 Bxf1 26. Nxa8 Bc4 $17) 22... Qxe3+ 23. Kh1 Bd3 24. Qxb7 Bxf1 25. Qxf7+
Kh6 26. Rxf1 Qxd4 27. h3 $2 (27. Qxd5 Qxd5 28. Nxd5 Re2 $15) 27... Rad8 28. Rd1
Qh4 $19 29. Qb7 (29. Rxd5 $2 Re7 $19) 29... Ne5 $1 {/\Nxf3} 30. Qxa7 Nxf3 31.
gxf3 Qxh3+ 32. Kg1 Qg3+ 33. Kf1 d4 34. Ne4 Rxe4 0-1

[Event "Nikolaev zt"]
[Site "Nikolaev"]
[Date "1995.??.??"]
[Round "5"]
[White "Aleksandrov, Aleksej"]
[Black "Lerner, Konstantin Z"]
[Result "0-1"]
[WhiteElo "2510"]
[BlackElo "2560"]
[Annotator "Dautov,R"]
[PlyCount "120"]
[EventDate "1995.03.??"]
[EventType "swiss"]
[EventRounds "11"]
[EventCountry "UKR"]
[SourceTitle "CBM 047"]
[Source "ChessBase"]
[SourceDate "1995.08.01"]
[SourceVersion "1"]
[SourceVersionDate "1995.08.01"]
[SourceQuality "1"]

1. d4 {Hecht Dolmatov} Nf6 2. c4 e6 3. Nc3 Bb4 4. e3 O-O 5. Bd3 d5 6. cxd5 exd5
7. Nge2 c6 (7... Bd6 $5 8. O-O (8. a3 {Dolmatov} a5 9. Qc2 Na6 10. Bd2 c6 $10)
8... Re8 9. a3 (9. f3 c5) (9. Nf4 c6 10. Re1 $14) 9... a5) 8. O-O Bd6 9. f3 (9.
Nf4 $5 {Dolmatov}) 9... c5 10. Qe1 (10. a3 {Dolmatov} Nc6 11. Rf2 a6 12. Bc2 b5
13. g4 $5 $13) 10... Nc6 11. Qh4 h6 (11... Be6 $5 12. Bd2 a6 $132 {/\b5}) 12.
Bd2 b6 13. Rad1 (13. a3 Bb7 (13... Na5 {Dolmatov} 14. Rad1 $13) 14. Rae1 Re8
$10) 13... Nb4 $1 14. Bb1 Ba6 15. Bc1 (15. a3 Nd3 16. b3 Nb2 17. Rde1 Re8 $15 (
17... cxd4 18. exd4 Bxa3 19. Bxh6 $13)) 15... Re8 16. Rfe1 Nc6 17. Kh1 {
/\dxc5,><d5 /\18.dc bc 19.Nd5 Nd5 20.Qd8 Rad8 21.Rd5} (17. dxc5 {Dolmatov} bxc5
18. Nxd5 Nxd5 19. Qxd8 Raxd8 20. Rxd5 Bxh2+ 21. Kxh2 Rxd5 $17) 17... Ne7 (17...
cxd4 18. Nxd4 Nxd4 19. exd4 $14) 18. dxc5 $2 (18. Nf4 $142 $1 cxd4 (18... Qb8
19. Nh5 Nxh5 20. Qxh5 $14) 19. exd4 (19. Rxd4 Be5 20. Rdd1 Rc8 $10) 19... Rc8
20. Nh5 Nxh5 21. Qxh5 $14 {/\Bxh6}) 18... bxc5 19. Nf4 Be5 $10 20. Nd3 Bd6 21.
Nf4 Be5 (21... Bb7 22. e4 $1 dxe4 (22... d4 23. e5 $16) 23. Nxe4 Nxe4 24. Bxe4
Bxe4 25. Rxe4 Qc7 $14) 22. Nd3 Bxd3 23. Bxd3 Qc7 24. Bd2 $2 (24. Ne2 c4 (24...
Rab8 25. b3 $10) 25. Bc2 Rab8 26. b3 $10) (24. f4 $6 {Dolmatov} Bxc3 25. bxc3
Ne4 $15) 24... c4 (24... Rab8 {Dolmatov} 25. b3 $132) 25. Bb1 (25. Bc2 {>=}
Rab8 26. Rb1 (26. f4 Bd6 27. Bc1 (27. b3 {Dolmatov}) 27... Bb4 $13) 26... Rb6
$15) 25... Rab8 26. f4 (26. Bc1 $4 Bxc3 $19) 26... Bd6 27. Ne2 (27. Bc1 $5 Bb4
28. Bd2 (28. Bc2 Bxc3 29. bxc3 Qa5 $17) 28... Ba5 29. Na4 Nc6 $15) 27... Rxb2
28. Bc3 Rxb1 $1 29. Rxb1 Ne4 30. Qh5 (30. Bd4 $2 Nf5 31. Qh5 g6 32. Qf3 Nd2 33.
Qxd5 Nxb1 34. Rxb1 Nxe3 $17) 30... Qd7 31. Kg1 Nf5 32. Bd4 (32. Nd4 $2 {
Dolmatov} g6 $1 $17) 32... g6 33. Qh3 (33. Qf3 {Dolmatov} Nh4 (33... Nd2 34.
Qxd5 Nxb1 35. Rxb1) 34. Qf1 Nd2 35. Qf2) 33... h5 $17 34. Rbd1 (34. Rec1 Qa4
35. Ra1 Bb4 $17 {/\Bd2,><e3}) (34. Nc3 {Dolmatov} Qc6 35. Nxe4 Rxe4 $15) 34...
Bb4 35. Rf1 Rc8 36. Ng3 Nexg3 37. hxg3 Qe6 38. Bxa7 c3 39. g4 hxg4 40. Qxg4 Ra8
$1 (40... c2 41. Rc1 Bd2 42. Qe2 Bxc1 43. Rxc1 Qe4 $17) 41. Rb1 (41. Bd4 $2
Nxd4 $19) 41... Rxa7 42. Rxb4 Qxe3+ $19 43. Kh2 Ra8 44. Qf3 Qc5 45. Rb3 Rc8 46.
Rbb1 Kg7 47. Rf2 Nd6 {/\Ne4,Rh8} 48. f5 Ne4 (48... Nxf5 49. g4 c2 50. Rc1 Qe3
$19) 49. f6+ Kg8 50. Rc2 Qd4 51. Qf4 Qxf6 52. Qxf6 Nxf6 53. Kg3 {RR<->RNPP. 2
verbundene Freibauern für die Qualität. Der Einsatz des sK entscheidet.} d4 54.
Rd1 Rc4 55. a3 Ne4+ 56. Kf3 Nc5 57. Ke2 Kg7 58. g3 Kf6 59. Rcc1 Ke5 60. Ra1 Ke4
0-1

[Event "Biel"]
[Site "Biel"]
[Date "1986.07.30"]
[Round "9"]
[White "Hort, Vlastimil"]
[Black "Cebalo, Miso"]
[Result "1/2-1/2"]
[WhiteElo "2545"]
[BlackElo "2475"]
[Annotator "Dolmatov,S"]
[PlyCount "144"]
[EventDate "1986.07.20"]
[EventType "tourn"]
[EventRounds "11"]
[EventCountry "SUI"]
[EventCategory "12"]
[SourceTitle "MCL"]
[Source "ChessBase"]
[SourceDate "1999.07.01"]
[SourceVersion "1"]
[SourceVersionDate "1999.07.01"]
[SourceQuality "1"]

1. d4 Nf6 2. c4 e6 3. Nc3 Bb4 4. e3 c5 5. Bd3 Nc6 6. Nge2 cxd4 7. exd4 d5 8.
Bg5 dxc4 9. Bxc4 O-O 10. O-O Be7 11. a3 a6 12. Bd3 (12. Rc1 b5 13. Ba2 Bb7 14.
Qd3 Ne5 15. Qc2 Nc4 16. Rfd1 $13 {Bronstein,D-Kosten,A/London/1989/}) 12... g6
(12... b5 13. Qc2 (13. Ne4 Nxe4 (13... Bb7 14. Bxf6 Bxf6 15. Nc5 $40) 14. Bxe7
Qxe7 15. Bxe4 Bb7 16. Qc2 Rac8 (16... h6 $2 17. Bxc6 Rac8 18. d5 exd5 19. Nd4
$16) 17. Bxh7+ Kh8 18. Qd3 $2 g6 19. Qh3 Kg7 $17) 13... h6 14. Bxf6 Bxf6 15.
Nxb5 Bb7 16. Nbc3 Nxd4 $15) 13. Qa4 Rb8 14. Rfd1 b5 15. Qc2 Bb7 16. h3 $15 Rc8
17. Qb1 Rc7 18. Be3 Rd7 19. a4 b4 20. Ne4 Qa8 21. f3 Rfd8 22. Qc2 Nxe4 23. Bxe4
(23. fxe4 $6 b3 24. Qxb3 Nb4 25. Ng3 h5 $17) 23... Bf6 24. Qc5 Ne7 25. Qc2 Bd5
26. Rac1 Qb7 27. b3 Qb6 28. Qd3 Qb7 29. Qc2 Kg7 30. Kh1 Nf5 31. Bxf5 exf5 (
31... gxf5 32. Nf4) 32. Ng1 $6 (32. Nf4 Bxf3 33. gxf3 Qxf3+ 34. Qg2 $1 (34. Ng2
Qxh3+ 35. Kg1 f4 $17) 34... Qxe3 35. Nh5+ Kh8 36. Nxf6 Rd6 37. Re1 Qxb3 38. Ne8
Rxd4 $17) (32. Qd3 $5 $15) 32... Qb6 33. Qd3 Qe6 34. Rb1 Rc8 $17 35. Bd2 Qb6
36. Ne2 Bb7 37. Rbc1 a5 38. Rxc8 Bxc8 39. Re1 Ba6 40. Qe3 Re7 41. Qf2 Qd6 (
41... Bxe2 42. Rxe2 Bxd4 43. Qe1 Re6 $17) 42. Be3 Qd5 $2 (42... Bxe2 43. Rxe2
Qd5 44. Rb2 Rc7 $19) 43. Nf4 Qd6 (43... Qxb3 44. Nh5+ gxh5 45. Qg3+ Kf8 46.
Qb8+ Kg7 47. Qg3+ $10) 44. Rc1 h6 {/\Bg5} 45. Rc5 Rxe3 46. Qxe3 Bxd4 47. Rc6 $1
$15 Qxc6 48. Qxd4+ Qf6 49. Qd5 Qc3 50. Qd6 Bc8 51. Kh2 Qe3 52. Qc7 Be6 53.
Nxe6+ Qxe6 54. Qxa5 Qxb3 55. Qe5+ Kh7 56. a5 Qc4 57. Qb8 b3 58. Qb7 Kg7 59. a6
Qf4+ 60. Kh1 Qc1+ 61. Kh2 b2 62. a7 b1=Q 63. Qxb1 Qxb1 64. a8=Q f4 65. Qa4 Qf5
66. Qd4+ Qf6 67. Qd5 g5 68. Qc5 Kg6 69. Qc8 Qe6 70. Qg8+ Kh5 71. Kh1 Qg6 (71...
Kh4 72. Kh2 $10) 72. Qe8 Qe6 1/2-1/2

[Event "Kfar Sava weekend"]
[Site "Kfar Sava"]
[Date "2000.08.05"]
[Round "4"]
[White "Kaspi, Alexander"]
[Black "Finkel, Alexander"]
[Result "0-1"]
[WhiteElo "2502"]
[BlackElo "2467"]
[Annotator "Finkel,A"]
[PlyCount "110"]
[EventDate "2000.08.04"]
[EventType "swiss"]
[EventRounds "9"]
[EventCountry "ISR"]
[SourceTitle "CBM 078"]
[Source "ChessBase"]
[SourceDate "2000.10.18"]
[SourceVersion "1"]
[SourceVersionDate "2000.10.18"]
[SourceQuality "1"]

1. d4 Nf6 2. c4 e6 3. Nc3 Bb4 4. e3 O-O 5. Bd3 d5 6. cxd5 exd5 7. Nge2 {
This variation leads to complicated positional struggle,but in all cases black
has sufficient counterplay.} Re8 8. a3 (8. O-O c5 (8... Bf8 9. f3 $6 {><e3} (9.
Nf4 $5) (9. Qc2 $5) 9... c5 10. Bd2 (10. Qe1 b6 11. Qf2 Ba6 12. Bxa6 Nxa6 13.
dxc5 Bxc5 14. Rd1 Nc7 $132 {Kacheishvili,G-Lerner,K/Berliner Sommer 1995})
10... Nc6 11. Rc1 b6 12. a3 (12. Bb1 $5 Ba6 $5) 12... Bb7 13. Rf2 $6 (13. Bb1
$5) 13... g6 $13 {Tisdall,J-Huebner,R/San Francisco 1995}) 9. a3 cxd4 10. exd4
$14) 8... Bf8 9. O-O a5 (9... Nbd7 10. b4 a5 11. b5 Nb6 12. f3 c5 13. bxc6 bxc6
14. e4 c5 $132 {Thorhallsson,T-Eingorn,V/Reykjavik 1989}) (9... c6 10. f3 c5
11. Qe1 b6 12. Qf2 Ba6 13. Bc2 Nc6 14. Rd1 Bd6 15. Kh1 Ne7 $13 {Pliester,
L-Scholl,E/NLD-chT 1993}) 10. Rb1 (10. Bc2 b6 11. Nf4 Bb7 12. Bb3 c6 13. f3 b5
14. Re1 Nbd7 15. Bd2 Nb6 $132 {[%cal Gb6c4] Supatashvili,K-Dgebuadze,A/GEO-ch
1996}) 10... Na6 11. f3 (11. Bc2 c6 12. f3 b5 13. e4 $6 b4 14. e5 bxc3 15. Bg5
h6 16. Bh4 g5 $17 {Ooi Chern Ee-Lukacs,P/Budapest FS04 GM 1997}) 11... c5 $1
$132 {The typical reaction on f3-the weakness of white pawn on e3 gives black
very good counterchanses.} 12. g4 g6 (12... Nc7 13. dxc5 (13. Ng3 Ne6 14. Nce2
Qb6 15. Bc2 Bd7 $15) 13... Bxc5 14. Nd4 Ne6 15. Nce2 Qb6 16. Bc2 Bd7 $13) 13.
Ng3 h6 $5 14. Kg2 (14. h4 $5 Nc7 $1 (14... Bd6 15. Kg2 Qe7 (15... Nxg4 $2 16.
fxg4 Qxh4 17. Qf3 $16) 16. g5 hxg5 17. hxg5 Nh7 18. f4 Nc7 19. Rh1 $36) 15. Kg2
(15. h5 $2 gxh5 16. gxh5 Bd6 $1 (16... Nxh5 $2 17. Nxh5 Qg5+ 18. Kf2 Qh4+ 19.
Ke2 Qxh5 20. Rh1 Bh3 21. Qg1+ $18 {[%cal Gg1g3]}) 17. Nce2 Nxh5 18. Nxh5 Qg5+
19. Kf2 Qh4+ $17) 15... c4 16. Bc2 b5 $13) 14... Rb8 {[%cal Gc5c4,Gb7b4]} 15.
Bb5 Bd7 16. Bxa6 $2 {Crucial position in the game:white's idea is extremly
dubious and black manages with energetic play to punish white for it.Now black
bishops become the strongest pieces on the board!} (16. Qa4 $5 Bxb5 17. Qxb5
Re6 18. Nce2 Qb6 19. Qxb6 Rxb6 $132) 16... bxa6 17. dxc5 Bxc5 18. e4 $8 (18.
Nxd5 Bb5 (18... Nxd5 19. Qxd5 Bb5 20. Qxc5 (20. Qxd8 Bxf1+ 21. Nxf1 Rexd8 $17)
20... Bxf1+ 21. Nxf1 Qd3 $1 22. Ra1 (22. Nd2 Rbc8 23. Qd4 Qe2+ 24. Kh3 Rxe3 $17
) 22... Qe2+ 23. Kg1 Qxf3 $40 {[%csl Rg1][%cal Ge8e4,Ge4g4,Gb8c8,Gc8c2]}) 19.
Nxf6+ Qxf6 20. Re1 (20. Rf2 Bxe3 21. Bxe3 Rxe3 22. Ne4 Qe5 $17) 20... Rbd8 21.
Qb3 Rd3 22. Qc2 Bxe3 23. Rxe3 Rexe3 24. Bxe3 Rxe3 25. Qf2 $15) 18... Bc6 $1 $36
19. exd5 ({Doesn't work} 19. Bxh6 dxe4 20. Ngxe4 (20. Qxd8 exf3+) 20... Qxd1
21. Rfxd1 Nxe4 22. Nxe4 Rxe4 $1 23. fxe4 Bxe4+ 24. Kf1 Bxb1 25. Rxb1 Bxa3 $17 {
and the ending is extremly difficult for white.}) 19... Nxd5 20. Nxd5 (20. Nce4
Ne3+ (20... Bxa3 $5) 21. Bxe3 Bxe3 22. Qxd8 Rexd8 23. Rfe1 Bd4 $17) 20... Bxd5
21. Bxh6 Rb3 $1 {[%csl Rf3,Rg2]} 22. Qc2 $8 (22. Qd2 $2 Rxf3 $1 23. Rxf3 Bxf3+
24. Kxf3 Qa8+ 25. Kf4 (25. Ne4 Qxe4+ 26. Kg3 Qxb1 $19) 25... Qb8+ 26. Kf3 Qb7+
27. Kf4 Qc7+ 28. Kf3 Qc6+ 29. Kf4 Bd6+ 30. Kg5 Be7+ 31. Kf4 g5+ 32. Bxg5 Bd6+
33. Kf5 Qd7+) 22... Bd4 $1 {[%csl Rb2]} 23. Bd2 $8 (23. Ne4 Rxf3 $1 24. Kxf3 (
24. Rxf3 Bxe4 25. Qb3 Qd7 $1 $19) 24... Qh4 $1 $19 {[%cal Gf7f5]}) 23... Qa8 {
[%csl Rf3]} 24. Bc3 Bxc3 25. bxc3 Rxa3 $17 26. Qd3 $2 {Losing on th spot,while
after} (26. Qd2 Ra2 27. Rb2 Rxb2 28. Qxb2 Re3 $17 {white stil could put up
some resistance.}) 26... Qc6 $1 $19 {[%csl Rc3][%cal Gd5c4]} 27. Qd4 Bxf3+ 28.
Kg1 (28. Rxf3 Ra2+) 28... Qxc3 29. Qxc3 Rxc3 30. Rb6 Rc6 (30... Bxg4 $5 31.
Rxa6 Bh3 32. Rb1 Ra3) 31. Rb7 Rc1 $1 32. Rxc1 Bxb7 33. Kf2 Re5 34. Rc4 Rb5 35.
Nf1 Rb4 36. Ne3 Rxc4 37. Nxc4 a4 {Another plan was} (37... g5 $5 38. Nxa5 Bd5
39. Ke3 Kg7 40. Kd4 Bf3 $19) 38. g5 Bd5 39. Na3 Kf8 (39... f6 $5) 40. Ke3 Ke7
41. Kd4 Ke6 42. h4 Bb3 43. Ke4 a5 44. Nb5 Bd5+ 45. Kd4 Bc6 46. Na3 Kf5 {
[%csl Rg5,Rh4][%cal Gf5g4]} 47. Nc4 a3 $1 (47... Kg4 $2 48. Ne5+ Kxh4 49. Nxf7
$1 a3 50. Kc3 Bd5 51. Ne5 Kxg5 52. Nxg6 Kxg6 53. Kc2 $11) 48. Nxa3 Kg4 49. Nc4
Kxh4 50. Nd6 Be8 $1 ({After} 50... Kxg5 $6 51. Nxf7+ Kf4 52. Ne5 g5 $17 {
black also should be winning,but why to choose the hard way?!}) 51. Nxe8 Kxg5
52. Nd6 f5 53. Nc4 a4 54. Ne5 Kh5 55. Nd3 g5 0-1

[Event "Interzonal-14a"]
[Site "Subotica"]
[Date "1987.??.??"]
[Round "1"]
[White "Tal, Mihail"]
[Black "Sax, Gyula"]
[Result "1/2-1/2"]
[WhiteElo "2605"]
[BlackElo "2565"]
[Annotator "Ftacnik,L"]
[PlyCount "56"]
[EventDate "1987.06.??"]
[EventType "tourn"]
[EventRounds "17"]
[EventCountry "YUG"]
[EventCategory "11"]
[SourceTitle "CBM 003"]
[Source "ChessBase"]
[SourceDate "1988.04.01"]
[SourceVersion "1"]
[SourceVersionDate "1988.04.01"]
[SourceQuality "1"]

1. d4 Nf6 2. c4 e6 3. Nc3 Bb4 4. e3 O-O 5. Bd3 d5 6. cxd5 exd5 7. Nge2 c5 8.
O-O Nc6 9. a3 cxd4 10. exd4 Bd6 {/\Bxh2+} 11. f3 $5 (11. Bf4) (11. Kh1) 11...
h6 12. Kh1 (12. g4 $5) 12... Nh5 $1 {/\ Qh4} 13. Qe1 (13. g4 $2 Qh4) 13... f5 {
/\ Nf6} 14. Nxd5 Bxh2 (14... f4 {/\ Ng3} 15. Ndc3 Ng3+ 16. Nxg3 fxg3 17. Qe4
$14) 15. Kxh2 (15. Bc4 Be6 16. Kxh2 Bxd5 17. Bxd5+ Qxd5 $15) 15... Qxd5 16. Qh4
f4 $6 (16... Qf7 $142 {/\ g5=}) 17. Bg6 $16 Qe6 (17... Nf6 18. Bxf4 Nxd4 19.
Nc3 $16) 18. Qxh5 (18. Be4 Qf7) 18... Qxe2 19. Bxf4 $1 Rxf4 20. Rfe1 Qc4 21.
Re8+ (21. Rac1 Bg4 $1 22. fxg4 Qxd4 23. Bf5 Rf8 {/\} 24. Qg6 $2 R8xf5) 21...
Rf8 22. Rc1 (22. b3 $5 Bg4 (22... Qxb3 $2 23. Bb1 $18) 23. Qxg4 Qxd4 24. Ree1
$44) 22... Bg4 $8 (22... Qxc1 23. Bf7+ $18) (22... Qa2 23. Bd3 Be6 24. Rxe6 $18
) 23. Rxc4 Bxh5 24. Rxa8 Rxa8 (24... Bxg6 25. Rxf8+ Kxf8 26. d5 Nd8 27. Rc7 $16
(27. Rc8 $16)) 25. Bxh5 Rd8 26. Kg3 (26. Bg6 Rxd4 27. Rxd4 Nxd4 28. Be4 b6 29.
Kg3 $14) 26... Kf8 (26... g5 $5 27. f4 gxf4+ 28. Kxf4 Nxd4 29. Ke5 Nc6+ 30. Ke6
$16) 27. d5 $2 (27. Rc5 Rxd4 28. Rf5+ Kg8 29. Bf7+ Kh7 30. Rd5 g5 $14 {[]}) (
27. Bg6 Rxd4 28. Rxd4 Nxd4 29. Be4 b6 30. Kf4 $16) 27... Rxd5 28. Rf4+ (28. Bg4
$10) 28... Ke7 1/2-1/2

[Event "Interzonal-14a +"]
[Site "Subotica"]
[Date "1987.??.??"]
[Round "1"]
[White "Chernin, Alexander"]
[Black "Kavalek, Lubomir"]
[Result "1/2-1/2"]
[WhiteElo "2570"]
[BlackElo "2560"]
[Annotator "Ftacnik,L"]
[PlyCount "84"]
[EventDate "1987.06.??"]
[EventType "tourn"]
[EventRounds "17"]
[EventCountry "YUG"]
[EventCategory "11"]
[SourceTitle "CBM 003"]
[Source "ChessBase"]
[SourceDate "1988.04.01"]
[SourceVersion "1"]
[SourceVersionDate "1988.04.01"]
[SourceQuality "1"]

1. d4 Nf6 2. c4 e6 3. Nc3 Bb4 4. e3 O-O 5. Bd3 d5 6. cxd5 exd5 7. Nge2 Bd6 $5
8. a3 (8. O-O Re8 (8... Bxh2+ $6 9. Kxh2 Ng4+ 10. Kg3)) 8... a5 9. Qc2 $5 (9.
Ng3) (9. Rb1 {/\b4}) 9... Na6 10. Bd2 c6 (10... Re8 11. Nb5 {/\ Ba5}) 11. Ng3
Re8 12. Nce2 Nc7 13. f3 Ne6 $10 14. Nf5 Bf8 15. O-O c5 (15... g6 $1 {/\ c5})
16. Bb5 $6 (16. dxc5 Nxc5 17. Bb5) 16... Bd7 17. Bxd7 Nxd7 $1 (17... Qxd7 18.
dxc5 {/\ Bc3+/=}) 18. dxc5 Ndxc5 19. Rad1 Qb6 (19... g6 $1 20. Nfd4 (20. Nfg3
d4 $1) 20... Nxd4 21. Nxd4 Rc8 $15) 20. Bc3 Red8 $6 21. Kh1 Qb3 $6 22. Qd2 (22.
Qxb3 $10) 22... Qb6 23. Qe1 Na4 24. Be5 (24. Qg3 Nxc3 $1 (24... g6 25. Bf6 {
/\ Nc3+/-}) 25. Nxc3 (25. Nh6+ Kh8 26. Nxf7+ Kg8 $10) 25... Kh8 $1 (25... Qxb2
$2 26. Nh6+ $18) (25... Nc7 $2 26. Na4 $1 Qc6 27. Rc1 $18) 26. Nxd5 Qxb2 $13)
24... f6 25. Bd4 Nxd4 26. Nexd4 $2 (26. Rxd4 $1 {/\ Nf4}) 26... Rac8 $2 (26...
g6 $1 27. Qg3 Nxb2 28. Rb1 Qa6) 27. Qh4 Nc5 (27... Nxb2 $5 28. Rb1 Qa6) 28. Rd2
Re8 29. Rfd1 Nd7 30. Ne2 (30. Nh6+ Kh8 (30... gxh6 31. Qg4+ Kh8 32. Qxd7 $16)
31. Nf7+ $10) 30... Ne5 31. Qg3 $2 (31. Nf4 $1 Nc4 32. Nxd5 Qe6 33. Rc2) 31...
Qe6 $5 32. Nh6+ Kh8 33. Nf4 Qc6 34. Ng4 $2 (34. Nf5 Nc4 35. Re2 $1 $13) 34...
Nc4 35. Rxd5 (35. Re2 Bd6) 35... Nxb2 36. Rg1 (36. Rh5 Nxd1 37. Ng6+ Kg8 38.
Nh6+ gxh6 39. Ne7+ Kf7 40. Nxc6 Rxc6 $19) 36... Nc4 $2 (36... g5 $1 $19) 37. e4
(37. Rh5) 37... b5 $2 38. Rh5 $18 Qc7 39. Nxf6 $4 (39. Ng6+ $1 Kg8 40. Nxf6+
gxf6 (40... Kf7 41. Qxc7+ Rxc7 42. Nxe8 Kxe8 43. Nxf8 Kxf8 44. Rxb5) 41. Ne7+
Kf7 42. Rxh7+ Ke6 43. Qg8+ $18) (39. Qh3 $1 Qxf4 40. Rxh7+ Kg8 41. Qh5 $18)
39... gxf6 40. Ng6+ Kg7 $1 41. Nf4+ Kh8 42. Ng6+ Kg7 1/2-1/2